Online Catalogue and eLibrary

Not gonna take it lying down (Record no. 5847)

MARC details
000 -LEADER
fixed length control field 00358nam a2200145Ia 4500
005 - DATE AND TIME OF LATEST TRANSACTION
control field 20240607030145.0
008 - FIXED-LENGTH DATA ELEMENTS--GENERAL INFORMATION
fixed length control field 240331s9999 xx 000 0 und d
082 ## - DDC Classification
Item Number - Author Mark WOM
Class No. 362
245 #0 - TITLE STATEMENT
Title Not gonna take it lying down
260 ## - PUBLICATION, DISTRIBUTION, ETC.
Place of publication, distribution, etc. Colombo
Name of publisher, distributor, etc. Women's Support Group
Date of publication, distribution, etc. 2014
300 ## - PHYSICAL DESCRIPTION
Extent (e.g. Volumes, Pages etc.) v,96 p.,
650 ## - SUBJECT ADDED ENTRY--TOPICAL TERM
Topical term or geographic name entry element Violence
650 ## - SUBJECT ADDED ENTRY--TOPICAL TERM
Topical term or geographic name entry element Discrimination
942 ## - Koha item type (Biblio)
Koha item type Books in Stacks (Lending)
Holdings
Lost status Damaged status Collection code Home library Current library Shelving location Date acquired Full call number Accession Number Item type
    Lending WERC Library WERC Library Social Science Cupboard 03/31/2024 362.8 WOM 6839 Books in Stacks (Lending)

© WERC Library